Pays ayant la plus haute altitude moyenne - Statistiques

Statistiques générales
  • Ce quiz a été pris 71 fois
  • Le résultat moyen est 13 sur 21
Statistiques - réponses
Classement Réponse Altitude % Correct
3 Népal 2 565 m
93%
16 Suisse 1 370 m
85%
8 Chili 1 871 m
82%
12 Pérou 1 555 m
81%
4 Bhoutan 2 220 m
78%
9 Chine 1 840 m
78%
21 Bolivie 1 203 m
75%
13 Mongolie 1 528 m
72%
1 Tadjikistan 3 186 m
66%
7 Afghanistan 1 884 m
61%
2 Kirghizistan 2 988 m
61%
6 Andorre 1 996 m
58%
10 Arménie 1 792 m
52%
18 Iran 1 305 m
51%
15 Géorgie 1 432 m
48%
17 Ethiopie 1 330 m
40%
5 Lesotho 2 161 m
40%
11 Rwanda 1 598 m
40%
20 Ouganda 1 211 m
39%
14 Burundi 1 504 m
34%
19 Liban 1 250 m
19%
Aucun quiz correspondant
Distribution des résultats
% des personnes avec chaque résultat
Percentile par nombre de réponses
Votre historique - résultats
Vous n’avez pas pris ce quiz